000 01470nam a2200241Ia 4500
999 _c52150
_d52150
001 19157
003 GE_BSU
005 20210405180522.0
008 181216s2016||||ge |||||||||||||| ||geo||
040 _cGE_BSU
041 _ageo
080 _a81 ხ-34
100 _aხაჯიშვილი, ელენა
_911085
245 _aეთნომენტალობის ენობრივი მარკერები და კულტურული მეხსიერება /
_cელენა ხაჯიშვილი; მეცნ. ხელმძღვანელი მ. აროშიძე, თამაზ ფუტკარაძე; ბათუმის შოთა რუსთაველის სახ-ფო უნ-ტი.
264 _aბათუმი :
_bბათუმის შოთა რუსთაველის სახ. უნ-ტი,
_c2016.
300 _a176 გვ.,
_b30 სმ.
653 _aდისერტაცია
653 _aეთნომენტალობის ენობრივი მარკერები და კულტურული მეხსიერება
653 _aენათმეცნიერება
700 _aაროშიძე, მ.
_eმეცნ. ხელმძღვანელი
_911086
700 _aფუტკარაძე, თამაზ
_eმეცნ. ხელმძღვანელი
_911087
942 _cBK
_2udc